[Event "CrunchLab Masters Div 3 W"]
[Site "chess.com INT"]
[Date "2024.07.19"]
[Round "1.4"]
[White "Dubov, Daniil"]
[Black "Dragun, Kamil"]
[Result "1/2-1/2"]
[WhiteTitle "GM"]
[BlackTitle "GM"]
[WhiteElo "2701"]
[BlackElo "2528"]
[WhiteFideId "24126055"]
[BlackFideId "1134167"]
[EventDate "2024.07.19"]
[EventType "k.o."]

1. d4 Nf6 2. c4 g6 3. Nc3 Bg7 4. e4 d6 5. Nf3 O-O 6. Be2 e5 7. dxe5 dxe5 8. Bg5
Nbd7 9. O-O c6 10. Qc2 h6 11. Bd2 Nh5 12. Rfe1 Nc5 13. Rad1 Qf6 14. g3 Bg4 15.
Kg2 Ne6 16. Be3 Rad8 17. h3 Bxf3+ 18. Bxf3 Nd4 19. Bxd4 exd4 20. Ne2 Qe5 21. Nc1
Nf6 22. Nd3 Qe7 23. Kh1 Nd7 24. Bg2 Nc5 25. e5 Nxd3 26. Qxd3 f5 27. exf6 Qxf6
28. Re2 Rde8 29. Be4 Re6 30. Rde1 Rfe8 31. Kg2 h5 32. h4 Bf8 33. c5 Kg7 34. b4
b6 35. Bf3 bxc5 36. bxc5 Bxc5 37. Rxe6 Rxe6 38. Rxe6 Qxe6 39. Qe4 Qxe4 40. Bxe4
Bb6 41. Bxc6 d3 42. Kf3 d2 43. Ba4 Kf6 44. Ke2 Bc5 45. Bc2 Bb6 1/2-1/2

[Event "CrunchLab Masters Div 3 W"]
[Site "chess.com INT"]
[Date "2024.07.19"]
[Round "1.4"]
[White "Gledura, Benjamin"]
[Black "Alekseev, Evgeny"]
[Result "1/2-1/2"]
[WhiteTitle "GM"]
[BlackTitle "GM"]
[WhiteElo "2620"]
[BlackElo "2550"]
[WhiteFideId "712779"]
[BlackFideId "4138147"]
[EventDate "2024.07.19"]
[EventType "k.o."]

1. e4 e5 2. Nf3 Nc6 3. Bc4 Bc5 4. b4 Bxb4 5. c3 Be7 6. d4 Na5 7. Bd3 d6 8. Qa4+
c6 9. Qc2 Qc7 10. Nbd2 Nf6 11. O-O O-O 12. Ba3 Bg4 13. h3 Bh5 14. Nh4 Bg6 15.
Nxg6 hxg6 16. f4 exf4 17. Rxf4 d5 18. e5 Bxa3 19. Raf1 Nh5 20. R4f3 g5 21. g3
Qe7 22. Bf5 g6 23. Bg4 Ng7 24. Rf6 Ne8 25. R6f3 Ng7 26. Rf6 Ne8 27. R6f3 Ng7 1/2-1/2

[Event "CrunchLab Masters Div 3 W"]
[Site "chess.com INT"]
[Date "2024.07.19"]
[Round "1.4"]
[White "Hakobyan, Aram"]
[Black "Puranik, Abhimanyu"]
[Result "0-1"]
[WhiteTitle "GM"]
[BlackTitle "GM"]
[WhiteElo "2617"]
[BlackElo "2634"]
[WhiteFideId "13306677"]
[BlackFideId "5061245"]
[EventDate "2024.07.19"]
[EventType "k.o."]

1. e4 e5 2. Nf3 Nc6 3. Bb5 a6 4. Ba4 Nf6 5. O-O b5 6. Bb3 Bb7 7. d3 Be7 8. Nc3
O-O 9. Nd5 Na5 10. Nxe7+ Qxe7 11. Nh4 Nxb3 12. Nf5 Qe6 13. axb3 d5 14. f3 Nd7
15. Qe1 f6 16. b4 g6 17. Nh6+ Kh8 18. Qh4 Qd6 19. Bd2 c5 20. exd5 Bxd5 21. Rf2
c4 22. d4 exd4 23. Qxd4 Qe5 24. Bc3 Qxd4 25. Bxd4 Kg7 26. Ng4 Be6 27. Ne3 Nb8
28. Rd2 Nc6 29. Bc5 Rfc8 30. Rd6 Bf7 31. Rad1 a5 32. bxa5 Rxa5 33. Ng4 f5 34.
Ne5 Nxe5 35. Bd4 b4 36. f4 Kf8 37. Bxe5 c3 38. bxc3 bxc3 39. Rf6 Ra7 40. h4 h5
41. Kh2 Rb7 42. Rd3 Kg8 43. Rfd6 Be8 44. Rxc3 Rxc3 45. Bxc3 Rc7 46. Rd3 Kf7 47.
Re3 Ba4 48. Be5 Rxc2 49. Rc3 Rd2 50. Rc7+ Bd7 51. Kg3 Ke6 52. Kf3 Ra2 53. Rc3
Bb5 54. Bd4 Bf1 55. Re3+ Kd5 56. Be5 Bxg2+ 57. Kg3 Be4 58. Re1 Rg2+ 59. Kh3 Rd2
60. Ra1 Rd3+ 61. Kh2 Bf3 62. Ra5+ Ke4 63. Ra4+ Ke3 64. Ra2 Bg4 65. Bc7 Kf3 66.
Be5 Ke4 67. Rf2 Rh3+ 68. Kg2 Rxh4 69. Rd2 Bf3+ 70. Kg3 Rh1 71. Rf2 h4# 0-1

[Event "CrunchLab Masters Div 3 W"]
[Site "chess.com INT"]
[Date "2024.07.19"]
[Round "1.4"]
[White "Iniyan, Pa"]
[Black "Kamsky, Gata"]
[Result "1-0"]
[WhiteTitle "GM"]
[BlackTitle "GM"]
[WhiteElo "2533"]
[BlackElo "2615"]
[WhiteFideId "25002767"]
[BlackFideId "2000024"]
[EventDate "2024.07.19"]
[EventType "k.o."]

1. d4 f5 2. Nf3 Nf6 3. g3 g6 4. Bg2 Bg7 5. O-O O-O 6. c4 d6 7. Nc3 c6 8. d5 e5
9. e4 c5 10. Ng5 f4 11. Ne6 Bxe6 12. dxe6 g5 13. h4 h6 14. hxg5 hxg5 15. Nd5 Nc6
16. Bh3 Nxd5 17. cxd5 Nd4 18. Qh5 Rf6 19. Bg4 Bh6 20. Bd2 b5 21. Bc3 Kf8 22. b4
c4 23. Rad1 Qb6 24. gxf4 gxf4 25. Rxd4 exd4 26. e5 dxe5 27. Qxe5 Rg6 28. Qf5+
Ke7 29. Qxg6 dxc3 30. Qxh6 Qd4 31. Rd1 c2 32. Rxd4 c1=Q+ 33. Rd1 1-0

[Event "CrunchLab Masters Div 3 W"]
[Site "chess.com INT"]
[Date "2024.07.19"]
[Round "1.4"]
[White "Klekowski, Maciej"]
[Black "Paravyan, David"]
[Result "0-1"]
[WhiteTitle "GM"]
[BlackTitle "GM"]
[WhiteElo "2463"]
[BlackElo "2608"]
[WhiteFideId "1132717"]
[BlackFideId "4194985"]
[EventDate "2024.07.19"]
[EventType "k.o."]

1. Nf3 d5 2. c4 d4 3. g3 Nc6 4. Bg2 e5 5. O-O e4 6. Ne1 h5 7. d3 h4 8. dxe4 hxg3
9. hxg3 Bh3 10. Bxh3 Rxh3 11. Kg2 Qd7 12. Nd3 O-O-O 13. Rh1 Rxh1 14. Qxh1 f5 15.
exf5 Re8 16. Qh5 Nf6 17. Qf3 Ne5 18. Nxe5 Rxe5 19. g4 Qe8 20. Kf1 Re4 21. Bf4
Qc6 22. Kg1 Bd6 23. Bxd6 Qxd6 24. Nd2 Rxg4+ 25. Kf1 Qh2 26. Ke1 Rf4 27. Qg3 Qxg3
28. fxg3 Rxf5 29. a4 a5 30. Ra3 Rh5 31. Rd3 Rh1+ 32. Kf2 Ng4+ 33. Kg2 Rh2+ 34.
Kf1 Ne3+ 35. Ke1 c5 36. Rb3 Kc7 37. Rb5 b6 38. b4 Nc2+ 39. Kf1 axb4 40. a5 d3
41. axb6+ Kb7 42. Nf3 dxe2+ 43. Kg1 Nd4 0-1

[Event "CrunchLab Masters Div 3 W"]
[Site "chess.com INT"]
[Date "2024.07.19"]
[Round "1.4"]
[White "Makarian, Rudik"]
[Black "Anton Guijarro, David"]
[Result "0-1"]
[WhiteTitle "IM"]
[BlackTitle "GM"]
[WhiteElo "2525"]
[BlackElo "2669"]
[WhiteFideId "44105681"]
[BlackFideId "2285525"]
[EventDate "2024.07.19"]
[EventType "k.o."]

1. d4 d5 2. c4 e6 3. Nf3 c6 4. b3 Nf6 5. g3 dxc4 6. bxc4 c5 7. e3 b6 8. Bg2 Bb7
9. O-O Be7 10. Nc3 cxd4 11. exd4 O-O 12. Bf4 Nbd7 13. Qb3 Qc8 14. Rfd1 Ne4 15.
Rac1 Nxc3 16. Qxc3 Rd8 17. Qe1 Ba3 18. Rc2 h6 19. c5 bxc5 20. Rb1 Bd5 21. Qe3
Qa6 22. dxc5 Bxc5 23. Rxc5 Nxc5 24. Qxc5 Qxa2 25. Rc1 Rdc8 26. Qxc8+ Rxc8 27.
Rxc8+ Kh7 28. h4 Qb3 29. Ne1 Bxg2 30. Nxg2 a5 31. Rc7 f6 32. Bd6 Qd1+ 33. Kh2
Qxd6 34. Ra7 Qb6 35. Ra8 Qb4 36. h5 e5 37. Nh4 Qg4 38. Rxa5 Qxh5 39. Kg2 Qe2 40.
Kg1 Qe1+ 41. Kg2 Qxa5 0-1

[Event "CrunchLab Masters Div 3 W"]
[Site "chess.com INT"]
[Date "2024.07.19"]
[Round "1.4"]
[White "Meier, Georg"]
[Black "Bok, Benjamin"]
[Result "1/2-1/2"]
[WhiteTitle "GM"]
[BlackTitle "GM"]
[WhiteElo "2591"]
[BlackElo "2587"]
[WhiteFideId "4675789"]
[BlackFideId "1017063"]
[EventDate "2024.07.19"]
[EventType "k.o."]

1. Nf3 d5 2. g3 g6 3. Bg2 Bg7 4. d4 Nf6 5. O-O O-O 6. c4 c6 7. Qb3 a5 8. cxd5 a4
9. Qd1 cxd5 10. Nc3 Qa5 11. Bd2 Qa6 12. b3 axb3 13. Qxb3 Nc6 14. Rfc1 Bf5 15. e3
e6 16. Bf1 Na5 17. Qd1 Bd3 18. Bxd3 Qxd3 19. Ne5 Qa6 20. a4 Rac8 21. Rab1 Nc4
22. Nxc4 Rxc4 23. Qb3 Rfc8 24. Kg2 Bf8 25. Qxb7 Qxb7 26. Rxb7 Bb4 27. Rxb4 Rxb4
28. Nxd5 Rxc1 29. Nxf6+ Kg7 30. Bxb4 Kxf6 31. a5 Ra1 32. g4 Ra4 33. Bc3 Ra3 34.
Bb4 Ra4 35. Bc3 Ra3 36. Bb4 Ra4 1/2-1/2

[Event "CrunchLab Masters Div 3 W"]
[Site "chess.com INT"]
[Date "2024.07.19"]
[Round "1.4"]
[White "Sindarov, Javokhir"]
[Black "Sargsyan, Shant"]
[Result "1-0"]
[WhiteTitle "GM"]
[BlackTitle "GM"]
[WhiteElo "2674"]
[BlackElo "2649"]
[WhiteFideId "14205483"]
[BlackFideId "13306766"]
[EventDate "2024.07.19"]
[EventType "k.o."]

1. e4 e5 2. Nf3 Nc6 3. Bc4 Nf6 4. Ng5 d5 5. exd5 Na5 6. Bb5+ c6 7. dxc6 bxc6 8.
Bd3 Nd5 9. Nf3 Bd6 10. O-O O-O 11. Re1 f5 12. Nxe5 Qf6 13. Nf3 g5 14. Nc3 g4 15.
Rb1 gxf3 16. Nxd5 cxd5 17. Qxf3 Be6 18. b3 Nc6 19. Bb2 Qg6 20. Re2 Rfe8 21. Rbe1
Bf8 22. h4 Bg7 23. h5 Qh6 24. Rxe6 Rxe6 25. Qxd5 Re8 26. Bxf5 Nd8 27. Bxe6+ Nxe6
28. Bxg7 Kxg7 29. Qd7+ Kf8 30. Re5 Qf6 31. d4 Re7 32. Qd6 Kf7 33. c3 h6 34. Qd5
Kg7 35. Qe4 Kh8 36. Qe3 1-0

[Event "CrunchLab Masters Div 3 W"]
[Site "chess.com INT"]
[Date "2024.07.19"]
[Round "1.5"]
[White "Makarian, Rudik"]
[Black "Anton Guijarro, David"]
[Result "1/2-1/2"]
[WhiteTitle "IM"]
[BlackTitle "GM"]
[WhiteElo "2525"]
[BlackElo "2669"]
[WhiteFideId "44105681"]
[BlackFideId "2285525"]
[EventDate "2024.07.19"]
[EventType "k.o."]

1. c4 e6 2. Nc3 d5 3. d4 Bb4 4. Nf3 dxc4 5. e4 b5 6. a4 c6 7. Be2 Bb7 8. O-O a6
9. Qc2 Nf6 10. b3 cxb3 11. Qxb3 Bxc3 12. Qxc3 Nxe4 13. Qc2 c5 14. axb5 O-O 15.
dxc5 axb5 16. Rxa8 Bxa8 17. Be3 b4 18. Ra1 Bd5 19. Nd4 Nc6 20. Nxc6 Bxc6 21. Bf3
b3 22. Qxb3 Nd2 23. Bxd2 Bxf3 24. Qxf3 Qxd2 25. h3 Qd5 26. Qxd5 exd5 27. Kf1 Rb8
28. Ke2 Kf8 29. Kd3 Rb4 30. Ra8+ Ke7 31. Ra7+ Ke6 32. Ra6+ Ke5 33. Ra7 Ke6 34.
Ra3 Kd7 35. Ra6 Rb2 36. Rd6+ Kc7 37. Ke3 Rb3+ 38. Kf4 Rb2 39. Kg3 Rd2 40. Kf3 d4
41. h4 h5 42. g3 g6 43. Rf6 Kd7 44. Rxf7+ Ke6 45. Rg7 Kf6 46. Rd7 Rc2 47. Rd5
Ke6 48. Rd6+ Kf5 49. c6 d3 50. Ke3 d2 51. Ke2 g5 52. Kd1 Rc5 53. hxg5 Kxg5 54.
Kxd2 Kf5 55. Kd3 Ke5 56. Rh6 Rc1 57. Ke3 Rc3+ 58. Ke2 Ke4 59. Re6+ Kf5 60. Rh6
Kg5 61. Rd6 Kf5 62. Kd2 Rc5 63. Rh6 Kg5 64. Rd6 Kf5 1/2-1/2

[Event "CrunchLab Masters Div 3 W"]
[Site "chess.com INT"]
[Date "2024.07.19"]
[Round "1.5"]
[White "Sargsyan, Shant"]
[Black "Sindarov, Javokhir"]
[Result "1-0"]
[WhiteTitle "GM"]
[BlackTitle "GM"]
[WhiteElo "2649"]
[BlackElo "2674"]
[WhiteFideId "13306766"]
[BlackFideId "14205483"]
[EventDate "2024.07.19"]
[EventType "k.o."]

1. d4 Nf6 2. Nf3 g6 3. Nc3 d5 4. Bf4 Bg7 5. Nb5 Na6 6. e3 O-O 7. h3 c6 8. Nc3 b6
9. Be2 c5 10. O-O Bb7 11. a4 Nb4 12. a5 bxa5 13. Na4 cxd4 14. exd4 Nd7 15. c3
Nc6 16. Re1 Re8 17. Qb3 Qc8 18. Bb5 e6 19. h4 h5 20. Qa3 Ba6 21. Bxc6 Qxc6 22.
Nc5 Nxc5 23. dxc5 Bb7 24. Qxa5 d4 25. Be5 Bxe5 26. Rxe5 dxc3 27. Qxc3 Red8 28.
b4 a6 29. Rae1 Rd7 30. Rg5 Rad8 31. Ne5 Qc7 32. Nxd7 Rxd7 33. Qf6 Bc6 34. Rg3
Kh7 35. Re5 1-0

[Event "CrunchLab Masters Div 3 W"]
[Site "chess.com INT"]
[Date "2024.07.19"]
[Round "2.1"]
[White "Alekseev, Evgeny"]
[Black "Kuzubov, Yuriy"]
[Result "1-0"]
[WhiteTitle "GM"]
[BlackTitle "GM"]
[WhiteElo "2550"]
[BlackElo "2606"]
[WhiteFideId "4138147"]
[BlackFideId "14112906"]
[EventDate "2024.07.19"]
[EventType "k.o."]

1. e4 e5 2. Bc4 Nf6 3. d3 Be7 4. Nf3 d6 5. O-O O-O 6. c3 c6 7. Bb3 Nbd7 8. Re1
Re8 9. Nbd2 Bf8 10. d4 h6 11. Bc2 Qc7 12. Nf1 g6 13. Ng3 Bg7 14. h3 b5 15. Be3
c5 16. Qd2 Kh7 17. a4 exd4 18. cxd4 bxa4 19. Bf4 cxd4 20. Nxd4 Ne5 21. Nb5 Qc5
22. Bxa4 Nc4 23. Qc2 Nxb2 24. Qxb2 Nh5 25. Qd2 Nxf4 26. Qxf4 Be6 27. Qxd6 Qxd6
28. Nxd6 Red8 29. Rad1 Bc3 30. Re3 Be5 31. Red3 a6 32. Nb7 Rxd3 33. Rxd3 Rc8 34.
Rd1 Rc3 35. Ne2 Ra3 36. Bc6 Bc4 37. Ng3 1-0

[Event "CrunchLab Masters Div 3 W"]
[Site "chess.com INT"]
[Date "2024.07.19"]
[Round "2.1"]
[White "Anton Guijarro, David"]
[Black "Svane, Rasmus"]
[Result "1-0"]
[WhiteTitle "GM"]
[BlackTitle "GM"]
[WhiteElo "2669"]
[BlackElo "2633"]
[WhiteFideId "2285525"]
[BlackFideId "4657101"]
[EventDate "2024.07.19"]
[EventType "k.o."]

1. e4 e5 2. Nf3 Nc6 3. Bc4 Bc5 4. c3 Nf6 5. d4 exd4 6. e5 d5 7. Bb5 Ne4 8. cxd4
Bb6 9. Nc3 O-O 10. Be3 Bg4 11. h3 Bh5 12. Qc2 Bg6 13. Qb3 Ne7 14. O-O c6 15. Bd3
Nf5 16. Qc2 Nxe3 17. fxe3 Nxc3 18. bxc3 Bxd3 19. Qxd3 f6 20. c4 fxe5 21. Nxe5
Qd6 22. Rxf8+ Rxf8 23. Rf1 Rxf1+ 24. Qxf1 Qe6 25. cxd5 cxd5 26. Qb1 a6 27. Kh1
Bc7 28. Qxb7 Bxe5 29. dxe5 Qxe5 30. Qxa6 Qa1+ 31. Kh2 Qe5+ 32. g3 h5 33. h4 Qb2+
34. Kg1 Qd2 35. Qc8+ Kh7 36. Qf5+ g6 37. Qf7+ Kh6 38. Qf2 Qd1+ 39. Kh2 Kg7 40.
Qb2+ Kh7 41. a3 Qd3 42. a4 Qxe3 43. Qb7+ Kh6 44. Qxd5 Qe2+ 45. Qg2 Qc4 46. Qd2+
Kh7 47. a5 Qa4 48. Qc3 Qa2+ 49. Kg1 Qb1+ 50. Kf2 Qf5+ 51. Ke3 Qe6+ 52. Kd2 Qa2+
53. Kc1 Qe2 54. Kb1 Kg8 55. Ka1 Kh7 56. Kb1 Qg2 57. Qc7+ Kh6 58. Qc1+ Kh7 59.
Qc3 Qe2 60. Qb4 Kg8 61. Qb6 Kh7 62. a6 Qd3+ 63. Kb2 Qd2+ 64. Kb3 Qd3+ 65. Kb4
Qe4+ 66. Kc5 Qe5+ 67. Kc6 Qxg3 68. Qc7+ Qxc7+ 69. Kxc7 g5 70. a7 1-0

[Event "CrunchLab Masters Div 3 W"]
[Site "chess.com INT"]
[Date "2024.07.19"]
[Round "2.1"]
[White "Bok, Benjamin"]
[Black "Erigaisi, Arjun"]
[Result "0-1"]
[WhiteTitle "GM"]
[BlackTitle "GM"]
[WhiteElo "2587"]
[BlackElo "2778"]
[WhiteFideId "1017063"]
[BlackFideId "35009192"]
[EventDate "2024.07.19"]
[EventType "k.o."]

1. c4 e5 2. g3 d6 3. Bg2 Be7 4. Nc3 f5 5. b4 Nf6 6. d3 O-O 7. Nf3 a6 8. O-O h6
9. a4 Qe8 10. e3 Be6 11. Bb2 Nbd7 12. b5 Qf7 13. Nd2 Rab8 14. Qe2 c6 15. bxc6
bxc6 16. Ba3 d5 17. Bxe7 Qxe7 18. cxd5 cxd5 19. d4 Rfc8 20. Rfc1 Rb2 21. Nd1
Rbc2 22. Rxc2 Rxc2 23. Qd3 Rc6 24. dxe5 Nxe5 25. Qd4 Qc7 26. Nf3 Nxf3+ 27. Bxf3
Rc4 28. Qb2 Rc2 29. Qd4 Ne4 30. a5 Kh7 31. Bg2 Bf7 32. Bh3 Qc8 33. Qe5 Be6 34.
Bg2 Rd2 35. h4 Bd7 36. Bh3 Kg8 37. Rb1 Qc2 38. Rb8+ Kf7 39. Bxf5 Rxd1+ 40. Kg2
Qxf2+ 41. Kh3 Bxf5+ 0-1

[Event "CrunchLab Masters Div 3 W"]
[Site "chess.com INT"]
[Date "2024.07.19"]
[Round "2.1"]
[White "Bortnyk, Olexandr"]
[Black "Iniyan, Pa"]
[Result "1-0"]
[WhiteTitle "GM"]
[BlackTitle "GM"]
[WhiteElo "2608"]
[BlackElo "2533"]
[WhiteFideId "14120828"]
[BlackFideId "25002767"]
[EventDate "2024.07.19"]
[EventType "k.o."]

1. d4 Nf6 2. Nc3 d5 3. Bf4 c5 4. e4 e6 5. exd5 Nxd5 6. Nxd5 Qxd5 7. Nf3 Nc6 8.
Be3 cxd4 9. Nxd4 Bc5 10. Nb5 Qxd1+ 11. Rxd1 Bxe3 12. fxe3 Ke7 13. Be2 Ne5 14.
O-O Bd7 15. Nd6 Bc6 16. c4 Rhd8 17. c5 b6 18. b4 bxc5 19. bxc5 Rab8 20. Rd2 f6
21. Bf3 Nxf3+ 22. gxf3 Rb4 23. Kf2 Rdb8 24. Rc1 Rb2 25. Rcc2 Rxc2 26. Rxc2 Kd7
27. e4 Rb1 28. Ke3 Re1+ 29. Kd4 Rf1 30. Ke3 g5 31. h4 gxh4 32. Rg2 Ba4 33. Rg7+
Kc6 34. Ne8 h5 35. Rc7+ Kb5 36. Nd6+ Ka6 37. Rh7 Rc1 38. Rxh5 e5 39. Rxh4 Rxc5
40. Rh6 Rc3+ 41. Kf2 Ra3 42. Rxf6 Rxa2+ 43. Kg3 Ka5 44. Nc4+ Kb4 45. Nxe5 Bb5
46. Nc6+ Kc5 47. Ne7 Bc4 48. Rc6+ Kd4 49. Nf5+ Kd3 50. e5 Re2 51. Kf4 a5 52. Nd6
Bb3 53. Ne4 a4 54. e6 Kd4 55. Rd6+ 1-0

[Event "CrunchLab Masters Div 3 W"]
[Site "chess.com INT"]
[Date "2024.07.19"]
[Round "2.1"]
[White "L'Ami, Erwin"]
[Black "Dubov, Daniil"]
[Result "1-0"]
[WhiteTitle "GM"]
[BlackTitle "GM"]
[WhiteElo "2635"]
[BlackElo "2701"]
[WhiteFideId "1007998"]
[BlackFideId "24126055"]
[EventDate "2024.07.19"]
[EventType "k.o."]

1. d4 Nf6 2. c4 e6 3. Nf3 d5 4. Nc3 Be7 5. Bg5 h6 6. Bxf6 Bxf6 7. e3 O-O 8. Rc1
dxc4 9. Bxc4 Nd7 10. Ne4 c5 11. O-O cxd4 12. Nxd4 Nb6 13. Nxf6+ Qxf6 14. Bb3 Rd8
15. Qf3 Qxf3 16. Nxf3 Bd7 17. Rc7 Bb5 18. Rfc1 Rac8 19. Nd4 Bd7 20. f4 Kf8 21.
Kf2 Ke7 22. e4 Na8 23. Rxc8 Rxc8 24. Rxc8 Bxc8 25. e5 Nc7 26. Ke3 Bd7 27. g3 Nb5
28. Ne2 a5 29. a3 b6 30. Bc4 Nc7 31. Nd4 h5 32. Be2 g6 33. Bf3 Na6 34. Kd3 Kd8
35. Kc4 Nc7 36. b4 axb4 37. axb4 b5+ 38. Kc3 Ke7 39. Nb3 Be8 40. Nc5 Bd7 41. Kd4
Be8 42. Be4 Kf8 43. Nd3 Ke7 44. Kc5 f6 45. exf6+ Kxf6 46. h4 Nd5 47. Bxd5 exd5
48. Kxd5 Bd7 49. Ne5 Bh3 50. Kc5 Bf1 51. Kd4 Bh3 52. Ke4 Bg2+ 53. Ke3 Kf5 54.
Nd3 Bf1 55. Nc5 Bg2 56. Nb3 Bf1 57. Nd4+ Kg4 58. Kf2 Bd3 59. Nc6 Kf5 60. Ke3 Bf1
61. Ne5 Bg2 62. Kd4 Bf1 63. Kd5 Be2 64. Kd6 Kf6 65. Kd7 Bf1 66. Ke8 Bc4 67. Kd7
Be2 68. Nc6 Bg4+ 69. Kd6 Kf5 70. Kc5 Ke4 71. Ne5 Be2 72. Nxg6 Kf5 73. Ne5 Ke4
74. Kd6 Kf5 75. Kd5 Bf1 76. Kd4 Be2 77. Ke3 Bf1 78. Nf3 Ke6 79. Ke4 Bg2 80. f5+
Kf6 81. Kf4 Bh3 82. Nd4 Bf1 83. Nc2 1-0

[Event "CrunchLab Masters Div 3 W"]
[Site "chess.com INT"]
[Date "2024.07.19"]
[Round "2.1"]
[White "Paravyan, David"]
[Black "Vakhidov, Jakhongir"]
[Result "1-0"]
[WhiteTitle "GM"]
[BlackTitle "GM"]
[WhiteElo "2608"]
[BlackElo "2571"]
[WhiteFideId "4194985"]
[BlackFideId "14201801"]
[EventDate "2024.07.19"]
[EventType "k.o."]

1. e4 c5 2. Nf3 g6 3. c3 d5 4. exd5 Qxd5 5. Qb3 Be6 6. Be2 Nf6 7. O-O Bg7 8. d4
Qxb3 9. axb3 Nbd7 10. Nbd2 O-O 11. dxc5 Nxc5 12. Nd4 Bg4 13. Bc4 e5 14. N4f3 e4
15. Ne5 Be6 16. b4 Bxc4 17. Nexc4 Nd3 18. Nd6 Nxc1 19. Raxc1 Bh6 20. Rcd1 e3 21.
fxe3 Ng4 22. N2c4 Bxe3+ 23. Nxe3 Nxe3 24. Nxb7 Nxd1 25. Rxd1 Rfe8 26. Kf2 Rab8
27. Nc5 Rbd8 28. Rxd8 Rxd8 29. Ke3 Kf8 30. Nb3 Rd1 31. Nd4 Rg1 32. Kf3 Rb1 33.
b3 Ke8 34. g4 Kd7 35. h4 Rh1 36. Kg3 Rd1 37. Kf4 Rd3 38. Ne2 f6 39. b5 Rh3 40.
c4 Rxb3 41. Ke4 Rh3 42. Kd5 Rxh4 43. Nd4 Rxg4 44. Nc6 Rg5+ 45. Kd4 Kc7 46. Nxa7
h5 47. c5 Rg4+ 48. Kd5 Rg5+ 49. Kc4 Rg1 50. b6+ Kb7 51. Nb5 h4 52. Kd5 1-0

[Event "CrunchLab Masters Div 3 W"]
[Site "chess.com INT"]
[Date "2024.07.19"]
[Round "2.1"]
[White "Puranik, Abhimanyu"]
[Black "Beerdsen, Thomas"]
[Result "1-0"]
[WhiteTitle "GM"]
[BlackTitle "GM"]
[WhiteElo "2634"]
[BlackElo "2510"]
[WhiteFideId "5061245"]
[BlackFideId "1030108"]
[EventDate "2024.07.19"]
[EventType "k.o."]

1. e4 e5 2. Nf3 Nc6 3. Bb5 f5 4. d3 fxe4 5. dxe4 Nf6 6. O-O d6 7. Nc3 Be7 8. Qd3
O-O 9. Bc4+ Kh8 10. a3 Qe8 11. Bg5 Nh5 12. Nd5 Bxg5 13. Nxg5 Qd8 14. Nf3 Bg4 15.
Nd2 Nd4 16. f3 Be6 17. g3 Bxd5 18. exd5 Qg5 19. Ne4 Qg6 20. Kh1 Qh6 21. Rae1 Rf7
22. c3 Nf5 23. Kg1 Qg6 24. Qd2 h6 25. Bd3 Rff8 26. Kh1 Ne7 27. c4 a5 28. Bc2 Qf7
29. Qd3 Qg6 30. Qb3 b6 31. Qc3 Qf7 32. f4 exf4 33. g4 Nf6 34. Nxf6 gxf6 35. Rxf4
Rae8 36. Re6 Ng8 37. Qe3 Qg7 38. Rxe8 Rxe8 39. Qxe8 Qg5 40. Qg6 1-0

[Event "CrunchLab Masters Div 3 W"]
[Site "chess.com INT"]
[Date "2024.07.19"]
[Round "2.1"]
[White "Sargsyan, Shant"]
[Black "Santos Latasa, Jaime"]
[Result "1/2-1/2"]
[WhiteTitle "GM"]
[BlackTitle "GM"]
[WhiteElo "2649"]
[BlackElo "2631"]
[WhiteFideId "13306766"]
[BlackFideId "2293307"]
[EventDate "2024.07.19"]
[EventType "k.o."]

1. d4 Nf6 2. Nf3 e6 3. Bf4 c5 4. e3 Nc6 5. Nbd2 h6 6. h3 d5 7. c3 Bd6 8. Bb5 O-O
9. Bxd6 Qxd6 10. Qa4 Bd7 11. Qa3 b6 12. O-O Rac8 13. Rad1 Rfd8 14. Rfe1 Be8 15.
Bd3 e5 16. Bf5 Bd7 17. Bxd7 Rxd7 18. Qa6 Rcd8 19. dxe5 Nxe5 20. Nxe5 Qxe5 21. a4
Qc7 22. a5 bxa5 23. Ra1 Qb6 24. Qd3 Qxb2 25. Reb1 c4 26. Qd4 Qc2 27. Rc1 Qd3 28.
Rxa5 Ne4 29. Nf3 Rb7 30. Qxd3 cxd3 31. Rd1 Nxc3 32. Rxd3 Ne4 33. Raxd5 Rxd5 34.
Rxd5 1/2-1/2

[Event "CrunchLab Masters Div 3 W"]
[Site "chess.com INT"]
[Date "2024.07.19"]
[Round "2.2"]
[White "Beerdsen, Thomas"]
[Black "Puranik, Abhimanyu"]
[Result "0-1"]
[WhiteTitle "GM"]
[BlackTitle "GM"]
[WhiteElo "2510"]
[BlackElo "2634"]
[WhiteFideId "1030108"]
[BlackFideId "5061245"]
[EventDate "2024.07.19"]
[EventType "k.o."]

1. e4 e5 2. Nf3 Nc6 3. Bc4 Bc5 4. b4 Bxb4 5. c3 Ba5 6. d4 d6 7. Qb3 Qd7 8. O-O
Bb6 9. a4 Na5 10. Qa2 Nxc4 11. Qxc4 a6 12. dxe5 Ne7 13. Ba3 Qc6 14. Qxc6+ Nxc6
15. exd6 cxd6 16. Bxd6 Bg4 17. Nbd2 O-O-O 18. e5 Rhe8 19. Nc4 Bc7 20. Rfb1 Bxf3
21. gxf3 Nxe5 22. Bxe5 Bxe5 23. Rb3 Bf4 24. Rab1 Re7 25. Na5 Rdd7 26. Kg2 Rc7
27. Rb4 Be5 28. Nc4 Bxc3 29. Nb6+ Kb8 30. Rh4 Re6 31. Rxh7 Ka7 32. Nd5 Rc5 33.
Rd1 Bb2 34. Nf4 Rf6 35. Nd3 Rg5+ 36. Kf1 Bd4 37. f4 Ra5 38. Rxg7 Rxa4 39. Rg5
Ra2 40. Rd5 Bb6 41. Rd7 a5 42. Kg2 a4 43. Kg3 a3 44. Ne5 Bxf2+ 45. Kg4 Be3 46.
f5 Rf2 47. R1d3 Bc5 48. Rb3 Rb6 49. Rc3 a2 50. Rd1 Rb1 0-1

[Event "CrunchLab Masters Div 3 W"]
[Site "chess.com INT"]
[Date "2024.07.19"]
[Round "2.2"]
[White "Dubov, Daniil"]
[Black "L'Ami, Erwin"]
[Result "1-0"]
[WhiteTitle "GM"]
[BlackTitle "GM"]
[WhiteElo "2701"]
[BlackElo "2635"]
[WhiteFideId "24126055"]
[BlackFideId "1007998"]
[EventDate "2024.07.19"]
[EventType "k.o."]

1. d4 d5 2. c4 e6 3. Nf3 Nf6 4. g3 dxc4 5. Bg2 c5 6. O-O Nc6 7. Qa4 cxd4 8. Nxd4
Qxd4 9. Bxc6+ Bd7 10. Rd1 Qxd1+ 11. Qxd1 Bxc6 12. Nd2 b5 13. a4 a6 14. axb5 Bxb5
15. Nb1 Be7 16. Nc3 O-O 17. Qc2 Nd5 18. Bd2 Rfd8 19. h4 Rac8 20. Bg5 f6 21. Bd2
Nxc3 22. Bxc3 e5 23. Kh2 Bc5 24. Qf5 Bd4 25. g4 Bd7 26. Qf3 Bc6 27. Qg3 Bb7 28.
Ra5 Bxc3 29. Qxc3 Rd4 30. Kg3 h6 31. f3 Rc7 32. g5 hxg5 33. hxg5 Kf7 34. Qc2 e4
35. f4 c3 36. f5 fxg5 37. Qb3+ Rdc4 38. bxc3 Bd5 39. Qd1 Rxc3+ 40. Kg4 R3c5 41.
Rxa6 Bb7 42. Qb3+ Bd5 43. Qb8 Rc1 44. Kxg5 Rg1+ 45. Kf4 Re7 46. Qd6 Rf1+ 47. Ke3
Bb7 48. Qg6+ Kf8 49. Rd6 Rf7 50. Rd8+ Ke7 51. Qd6# 1-0

[Event "CrunchLab Masters Div 3 W"]
[Site "chess.com INT"]
[Date "2024.07.19"]
[Round "2.2"]
[White "Erigaisi, Arjun"]
[Black "Bok, Benjamin"]
[Result "1-0"]
[WhiteTitle "GM"]
[BlackTitle "GM"]
[WhiteElo "2778"]
[BlackElo "2587"]
[WhiteFideId "35009192"]
[BlackFideId "1017063"]
[EventDate "2024.07.19"]
[EventType "k.o."]

1. d4 Nf6 2. Bf4 d5 3. e3 e6 4. Nf3 c5 5. Nbd2 Qb6 6. Rb1 Bd6 7. dxc5 Qxc5 8. b4
Qc7 9. Bxd6 Qxd6 10. c4 O-O 11. Qc2 b6 12. cxd5 Qxd5 13. Bc4 Qh5 14. Ne4 Bb7 15.
Nxf6+ gxf6 16. Be2 Rc8 17. Qb2 Qg6 18. Nh4 Qh6 19. Nf3 Nd7 20. Rd1 Rc7 21. h4
Rac8 22. Rh3 Bxf3 23. gxf3 Ne5 24. f4 Rc2 25. Rg3+ Kh8 26. Qxc2 1-0